| 000 | 00481nam a22001457a 4500 | ||
|---|---|---|---|
| 020 | _a978-1-292-41290-0 | ||
| 082 | _a657.3 | ||
| 100 | _aFinancial Accounting... | ||
| 245 |
_aFinancial Accounting: _bIInternational Financial Reporting Standards |
||
| 250 | _a12th | ||
| 260 |
_aHarlow: _bPearson Education, _c2024 |
||
| 300 | _a803p.: ill.; 28cm | ||
| 700 | _aThomas, C. William, Tietz, Wendy M., Suwardy, Themin, Chern, Koh Wei, Jr. Walter T., & Horngren Charles | ||
| 942 | _cBK | ||
| 999 |
_c22151 _d22151 |
||